| 000 | 00722nam a2200277Ia 4500 | ||
|---|---|---|---|
| 003 | SMC | ||
| 005 | 20180523080516.0 | ||
| 008 | 160901s9999 xx 000 0 und d | ||
| 020 | _a978-981-4633-84-0 | ||
| 050 | _aComSc QA 76.9 | ||
| 050 | _b.D3S54 2015 | ||
| 100 | _aShelly, Gary B. | ||
| 245 | _aMicrosoft access 2010 : | ||
| 245 | _bintroductory / | ||
| 245 | _cGary B. Shelly, Philip J. Pratt, Mary Z. Last. | ||
| 260 | _aSingapore : | ||
| 260 | _bPearson Education Asia Pte. Ltd., | ||
| 260 | _c2015 | ||
| 300 | _a207 pages : | ||
| 300 | _bill. ; | ||
| 300 | _c26 cm. | ||
| 650 | _aMicrosoft Access. | ||
| 650 | _aRelational databases. | ||
| 650 | _xDatabase management. | ||
| 942 |
_2lcc _cBK |
||
| 999 |
_c300934 _d300934 |
||